000 00361nam a2200133Ia 4500
008 100328s9999 xx 000 0 und d
082 _b62936
100 _aमांडके अलका.
245 _aहृदयस्थ.
260 _bग्रंथाली.
630 _aहृदयस्थ.
730 _aहृदयस्थ.
942 _cBOOK
999 _c548865
_d548862